000 00260nam a22001217a 4500
008 170918b xxu||||| |||| 00| 0 eng d
041 _aeng
080 _a7
100 _a44
101 _aART
245 _aTHE USE AND ABUSE OF ART
_cBARZUN,J
942 _2udc
_cBK
999 _c27891
_d27891